000 00428nam a2200181Ia 4500
008 230524s9999 xx 000 0 und d
020 _a9780099457069
082 _bKUM
100 _aSanjay Kumar
245 0 _aCommunication Skills A WorkBook
250 _a2
260 _aNew Delhi
_bOxford
_c2016
300 _a"XIX,601p;"
500 _aQuantity Number: 71
650 _aEnglish
700 _aPushp Lata
942 _cBK
999 _c56591
_d56591